000 00355 a2200169 4500
001 182203
020 _a85-01-91550-5
040 _cMagnum
100 _aSabino, Fernando
240 1 0 _aO menino no espelho
_lpor
245 1 0 _aO menino no espelho
300 _a196
362 0 _a2009
440 1 _aRecord
697 _aLITERATURA GERAL
942 _cBK
999 _c182203
_d182203